Renseignement et sécurité (notice n° 1566546)
[ vue normale ]
| 000 -LEADER | |
|---|---|
| fixed length control field | 01311cam a2200145 4500500 |
| 005 - DATE AND TIME OF LATEST TRANSACTION | |
| control field | 20251214001914.0 |
| 041 ## - LANGUAGE CODE | |
| Language code of text/sound track or separate title | fre |
| 042 ## - AUTHENTICATION CODE | |
| Authentication code | dc |
| 100 10 - MAIN ENTRY--PERSONAL NAME | |
| Personal name | Chopin, Olivier |
| Relator term | author |
| 245 00 - TITLE STATEMENT | |
| Title | Renseignement et sécurité |
| 260 ## - PUBLICATION, DISTRIBUTION, ETC. | |
| Name of publisher, distributor, etc. | Armand Colin,<br/> |
| Date of publication, distribution, etc. | 2023.<br/> |
| 520 ## - SUMMARY, ETC. | |
| Summary, etc. | Qu’est-ce que le renseignement ? En quoi diffère-t-il de l’espionnage ? Qui prend les décisions dans les services secrets ? Comment sont menées les opérations spéciales ? L’étude du renseignement permet d’aborder ces questions et de s’interroger sur les modalités de son contrôle et de son influence sur la politique étrangère des États. Cette nouvelle édition est enrichie d’un chapitre dédié aux transformations de l’information et au cyber et d’études de cas portant sur des thématiques actuelles : renseignement des entités non étatiques, services secrets américains sous la présidence Trump, droit du renseignement en France, etc. Une introduction sans équivalent à un sujet désormais central des études de sécurité. Cet ouvrage a reçu le Grand Prix "œuvre de création-mention essai" 2020 de l'Académie du Renseignement. |
| 700 10 - ADDED ENTRY--PERSONAL NAME | |
| Personal name | Oudet, Benjamin |
| Relator term | author |
| 856 41 - ELECTRONIC LOCATION AND ACCESS | |
| Uniform Resource Identifier | <a href="https://shs.cairn.info/renseignement-et-securite--9782200634681?lang=fr&redirect-ssocas=7080">https://shs.cairn.info/renseignement-et-securite--9782200634681?lang=fr&redirect-ssocas=7080</a> |
Pas d'exemplaire disponible.




Réseaux sociaux